U.S. Geography by Letter - S - Statistics

General Stats
  • This quiz has been taken 52,379 times
    10,253 since last reset
  • The average score is 14 of 20
Answer Stats
Clue Answer % Correct
Most populous city in the Pacific Northwest Seattle
97%
Area of California where Google, Apple, and Facebook are headquartered {Silicon} Valley
96%
State where you can find Mount Rushmore South Dakota
93%
World's largest freshwater lake by surface area Lake {Superior}
87%
City on the Mexican border just north of Tijuana San Diego
84%
California's most well-known fault line {San} {Andreas} Fault
83%
Capital of Puerto Rico San Juan
83%
City in Florida with the same name as a city in Russia St. Petersburg
80%
Capital of New Mexico Santa Fe
78%
2002 and 2034 Winter Olympics host city Salt Lake City
75%
Largest city on Georgia's coast Savannah
70%
Institute which operates 21 museums, mostly in Washington D.C. Smithsonian
70%
In the U.S., there are three cities with this name that have a population over 100,000 Springfield
68%
Where "The Office" took place Scranton
62%
Thoroughfare in West Hollywood known for its night clubs {Sunset} Boulevard
62%
The first U.S. city to host the Olympics St. Louis
61%
Idaho's principal river {Snake} River
42%
City in the above state which hosts a famous motorcycle rally Sturgis
30%
The largest lake in California by surface area, it was formed by accident in 1905 when an irrigation channel flooded {Salton} Sea
28%
Bay in Lake Huron which gives Michigan's "thumb" its shape {Saginaw} Bay
19%
No matching quizzes found
Score Distribution
Percent of People with Each Score
Percentile by Number Answered
Your Score History
You have not taken this quiz since the last reset